Contratos públicos internacionales

Gardado en:
Detalles Bibliográficos
Autor Principal: Eslava Rodríguez, Manuela (Author)
Formato: Libro
Idioma:Lingua castelá
Publicado: Madrid Colmex 2003
Series:El Derecho de la Globalización; 3
Subjects:
Tags: Engadir etiqueta
Sen Etiquetas, Sexa o primeiro en etiquetar este rexistro!

MARC

LEADER 00000nam a2200000 a 4500
001 UCL8134
003 CL-VaPUC
008 040611e20030000SP |||||||||||||||||spa|d
020 |a 8478798382 
082 0 4 |a 341.753  |b ESL  |2 21 
100 0 |a Eslava Rodríguez, Manuela  |e author  |9 486103 
245 1 0 |a Contratos públicos internacionales 
300 |a 194 p 
942 |c BK 
945 |d 20040611 00:00:00  |a cmena 
260 |a Madrid  |b Colmex  |c 2003 
650 7 |a CONTRATOS PUBLICOS  |2 CL-VaPUC  |9 257953 
650 0 |a Contratos internacionales  |9 354502 
650 0 |a DERECHO COMUNITARIO  |9 381957 
583 |a last modification  |c 20040611 00:00:00  |k Rodrigo Vera 
490 0 |a El Derecho de la Globalización; 3 
999 |c 309585  |d 309583 
952 |0 0  |1 0  |4 0  |6 341_753000000000000_ESL_2003  |7 0  |8 A  |9 377112  |a BIBDER  |b BIBDER  |d 2019-11-21  |i 4021533  |o 341.753 ESL 2003  |p 4021533  |r 2023-01-25  |w 2019-11-21  |y BK  |k DER